Nagyarányú csatornaépítési munkálatok indulnak Szeged környékén "viztelenítik" a transzkontinentális utat és a környező tanyavilágot

Elmentve itt :
Bibliográfiai részletek
Dokumentumtípus: Cikk
Megjelent: 1940-09-20
Sorozat:Délmagyarország 16 No. 214
Kulcsszavak:Csatornázás
Online Access:http://dmarchiv.bibl.u-szeged.hu/50734
LEADER 00520nab a2200145 i 4500
001 delm50734
005 20180927134820.0
008 180927s1940 hu o 0|| hun d
040 |a SZTE Délmagyarország Archívum  |b hun 
041 |a hun 
245 0 0 |a Nagyarányú csatornaépítési munkálatok indulnak Szeged környékén   |h [elektronikus dokumentum] :  |b "viztelenítik" a transzkontinentális utat és a környező tanyavilágot 
260 |c 1940-09-20 
300 |a 4 
490 0 |a Délmagyarország  |v 16 No. 214 
695 |a Csatornázás